Possession or use and occupation? The employer's rights (Record no. 71997)
[ view plain ]
| 000 -LEADER | |
|---|---|
| fixed length control field | 01157cam a2200217 4500 |
| 001 - CONTROL NUMBER | |
| control field | ABS66315 |
| 008 - FIXED-LENGTH DATA ELEMENTS--GENERAL INFORMATION | |
| fixed length control field | 030129n2002 000 0 eng u |
| 035 ## - SYSTEM CONTROL NUMBER | |
| System control number | (Sirsi) u121169 |
| 245 ## - TITLE STATEMENT | |
| Title | Possession or use and occupation? The employer's rights |
| 260 ## - PUBLICATION, DISTRIBUTION, ETC. | |
| Date of publication, distribution, etc. | 2002 |
| 490 ## - SERIES STATEMENT | |
| Series statement | Scottish Construction Law Review |
| Volume/sequential designation | (7) December 2002, 1-2(2) |
| 520 ## - SUMMARY, ETC. | |
| Summary, etc. | Discusses "Impresa Castelli SPA v Cola Holdings Ltd" (TCC [2002] CILL 1904) and "Skanska Construction Regions Ltd V Anglo-Amsterdam Corporation Ltd" (TCC Abs66313), which deal with the issue that the generally accepted principle, insofar as possession by an employer is concerned, is that liquidated damages willl cease to apply from the date of possession, unless the contract provides otherwise. |
| 590 ## - LOCAL NOTE (RLIN) | |
| Local note | ABS |
| 650 ## - SUBJECT ADDED ENTRY--TOPICAL TERM | |
| Topical term or geographic name entry element | JCT STANDARD FORMS OF BUILDING CONTRACT |
| 650 ## - SUBJECT ADDED ENTRY--TOPICAL TERM | |
| Topical term or geographic name entry element | IMPRESA CASTELLI SPA V COLA HOLDINGS LTD |
| 650 ## - SUBJECT ADDED ENTRY--TOPICAL TERM | |
| Topical term or geographic name entry element | SKANSKA CONSTRUCTION (REGIONS) LTD V ANGLO-AMSTERDAM CORPORATION LTD |
| 650 ## - SUBJECT ADDED ENTRY--TOPICAL TERM | |
| Topical term or geographic name entry element | ASCERTAINED DAMAGES |
| 650 ## - SUBJECT ADDED ENTRY--TOPICAL TERM | |
| Topical term or geographic name entry element | LIQUIDATED DAMAGES |
| 690 ## - LOCAL SUBJECT ADDED ENTRY--TOPICAL TERM (OCLC, RLIN) | |
| Topical term or geographic name as entry element | MANGEMENT-DISPUTE AVOIDANCE, MANAGEMENT AND RESOLUTION-DISPUTE MANAGEMENT AND RESOLUTION |
| 942 ## - ADDED ENTRY ELEMENTS (KOHA) | |
| Suppress in OPAC | 0 |
| Withdrawn status | Lost status | Source of classification or shelving scheme | Damaged status | Not for loan | Home library | Current library | Shelving location | Date acquired | Total Checkouts | Full call number | Barcode | Date last seen | Copy number | Price effective from | Koha item type |
|---|---|---|---|---|---|---|---|---|---|---|---|---|---|---|---|
| Dewey Decimal Classification | London | London | Journal article | 29/01/2003 | ABS66315 | 121169-1001 | 06/08/2019 | 1 | 06/08/2019 | Journal article |